000 00446nam a22001697a 4500
003 MPLRDC
005 20220104113610.0
008 210129b ||||| |||| 00| 0 eng d
082 _a857.62 CHRIS-5 v.18
100 _aAGATHA CHRISTIE
245 _a高尔夫球场命案
_c宋碧云 译
260 _a
_b远景出版事业公司
_c
300 _b
490 _a克莉丝蒂探案. 18
650 _a推理小说
942 _cBK
_o857.62 CHRIS-5 v.18
999 _c876
_d866